000 00431nam a2200193Ia 4500
005 20240823014624.0
008 240823s9999||||xx |||||||||||||| ||und||
020 _a981-265-180-2
041 _aENGLISH
082 _A519.3 P4
100 _a"McCain,Roger A"
245 0 _aGame Theory
250 _a1st
260 _c2004
_b"Thomson,Aust"
500 _aYES
650 _aTheory
_bMathematics
942 _cBK
999 _c170510
_d170510